| 000 | 01110nam a2200289 i 4500 | ||
|---|---|---|---|
| 001 | 000026612 | ||
| 003 | DO-SdBNP | ||
| 005 | 20230614100239.0 | ||
| 008 | 090713s2003 dr abc re 000 0 spa d | ||
| 020 | _a9993466026 | ||
| 040 |
_aDO-SdBNP _bspa _cBNPHU _erda _d |
||
| 041 | _hspa | ||
| 082 | 4 |
_aR 036.97293 _bE56r _222 |
|
| 245 | 0 | 0 | _aEnciclopedia ilustrada de la República Dominicana. |
| 264 | 4 |
_aSanto Domingo : _bEDUPROGRESO, _c2003. |
|
| 300 |
_a11 volumenes : _bilustraciones, mapas fotografías, diagramas, graficas, tablas ; _c30 cm. |
||
| 336 |
_2rdacontent _atexto _btxt |
||
| 337 |
_2rdamedia _asin mediació _bn |
||
| 338 |
_2rdacarrier _avolumen _bnc |
||
| 590 | _aInventariado, 2023/BT | ||
| 650 | 4 |
_aGeografía _zRepública Dominicana _vDiccionarios y Enciclopedias _911252 |
|
| 650 | 4 |
_aEconomía _zRepública Dominicana _vDiccionarios y Enciclopedias _911253 |
|
| 651 | 4 |
_aRepública Dominicana _vDiccionarios y Enciclopedias _911250 |
|
| 651 | 4 |
_aRepública Dominicana _xHistoria _vDiccionarios y Enciclopedias _911251 |
|
| 910 | _aValidado. Control de calidad. MMOLINA | ||
| 942 |
_2ddc _cLBS1 |
||
| 999 |
_c26104 _d26104 |
||